000
00190nam a22000977a 4500
999
_c
67228
_d
67225
082
_a
660.289HOU
100
_a
Hougen,
245
_a
Chemical Process Principles
300
_a
504p
942
_c
BK